000
00279nam a22001217a 4500
008
170630b xxu||||| |||| 00| 0 eng d
041
_a
eng
080
_a
05
100
_a
22
101
_a
GJL
245
_a
WRITERS INC AGUIDE WRITING THINKING
_c
SEEBRANEK
942
_2
udc
_c
BK
999
_c
19705
_d
19705